| 000 | 00602nam a2200205 a 4500 | ||
|---|---|---|---|
| 005 | 20241022063655.0 | ||
| 008 | 040302s1994 mx r 000 0 spa d | ||
| 020 | _a9507243925 | ||
| 035 | _aUPN01000132341 | ||
| 049 | _aCG | ||
| 050 | 4 |
_aHV40 _bA5.4 |
|
| 100 | 1 |
_aAnder-Egg, Ezequiel, _d1930- _928724 |
|
| 245 | 1 | 0 |
_aHistoria del trabajo social / _cEzequiel Ander-Egg. |
| 260 |
_aBuenos Aires : _bLumen, _cc1994. |
||
| 300 | _a521 p. | ||
| 440 | 0 | _aPolĂtica, servicios y trabajo social | |
| 650 | 4 |
_aServicio social _96246 |
|
| 650 | 4 |
_aSERVICIO SOCIAL - _zAMERICA LATINA _915956 |
|
| 905 | _aLibro | ||
| 999 |
_c104496 _d104496 |
||